000 00843nam a22001935i 4500
001 155821
003 ES-MaACL
005 20250407063118.0
008 981006s1877 sp |||| | spa d
040 _aCCPB | B
_bspa
_cCCPB | B
100 1 _aIbáñez de Ibero, Carlos,
_d1825-1891
_9151491
245 1 0 _aReseña de la novena reunión del Congreso Internacional de Estadística /
_cpor Cárlos Ibañez.
260 _aMadrid :
_b[s.n.],
_c1877 (
_fImprenta Central á cargo de Víctor Saiz)
300 _a69 p. ;
_c23 cm.
650 4 _aEstadística.
_912520
711 2 _aCongreso Internacional de Estadística (
_n9º).
_d1877).
_cBudapest)
_9135085
852 _aES-MaACL
_jT-923-F-4
_z-- Enc. hol., conservando la cub. original
_z-- An. ms.: "donativo de Vicente Cabello"
_z-- Enc. en un vol. facticio
999 _c155821
_d155821